[Event "HUN-chT 0809"]
[Site "Hungary"]
[Date "2009.03.08"]
[Round "9"]
[White "Tomcsanyi, Peter"]
[Black "Schneider, Veronika"]
[Result "1/2-1/2"]
[WhiteElo "2266"]
[BlackElo "2315"]
[PlyCount "27"]
[EventDate "2008.10.26"]
[EventType "team-tourn"]
[EventRounds "11"]
[EventCountry "HUN"]
[SourceTitle "EXT 2010"]
[Source "ChessBase"]
[SourceDate "2010.11.25"]
[SourceVersion "1"]
[SourceVersionDate "2010.11.25"]
[SourceQuality "1"]
[WhiteTeam "Haladas"]
[BlackTeam "BEAC"]
[WhiteTeamCountry "HUN"]
[BlackTeamCountry "HUN"]

1. e4 c5 2. Nf3 e6 3. d4 cxd4 4. Nxd4 a6 5. Bd3 Nf6 6. 0-0 Qc7 7. Re1 Bc5 8. Nb3 Bd6 9. h3 Nc6 10. c4 b6 11. Nc3 Bb7 12. Bf1 h5 13. Qe2 Kf8 14. Be3 1/2-1/2

[Event "HUN-chT 0304"]
[Site "Hungary"]
[Date "2003.12.07"]
[Round "5"]
[White "Nagy, Ervin"]
[Black "Tomcsanyi, Peter"]
[Result "1/2-1/2"]
[WhiteElo "2340"]
[BlackElo "2259"]
[PlyCount "105"]
[EventDate "2003.09.28"]
[EventType "team"]
[EventRounds "11"]
[EventCountry "HUN"]
[SourceTitle "EXT 2005"]
[Source "ChessBase"]
[SourceDate "2004.11.15"]
[SourceVersion "1"]
[SourceVersionDate "2004.11.15"]
[SourceQuality "1"]

1. Nf3 d5 2. e3 Nf6 3. b3 Bf5 4. Be2 h6 5. Ba3 Nbd7 6. 0-0 e6 7. Bxf8 Nxf8 8. d4 N8d7 9. c4 0-0 10. Nc3 c6 11. Qc1 Qe7 12. Qb2 Ne4 13. Rfd1 Nxc3 14. Qxc3 Bg4 15. Rac1 a5 16. Qb2 Rfd8 17. a3 Re8 18. h3 Bh5 19. Rd2 Red8 20. c5 Bxf3 21. Bxf3 e5 22. b4 axb4 23. axb4 exd4 24. exd4 Nf6 25. Re2 Qc7 26. g3 Re8 27. Rce1 Rxe2 28. Rxe2 Qd7 29. Kg2 Re8 30. Qa2 Rxe2 31. Qxe2 Qe6 32. Qxe6 fxe6 33. Kf1 Kf7 34. Ke2 Ne8 35. Ke3 Nc7 36. Be2 Kf6 37. f4 g5 38. fxg5+ hxg5 39. h4 gxh4 40. gxh4 e5 41. h5 e4 42. h6 Kg6 43. Bg4 Na6 44. b5 cxb5 45. Bc8 Nc7 46. Bxb7 b4 47. Bxd5 Nxd5+ 48. Kxe4 b3 49. Kd3 Kxh6 50. c6 Kg6 51. c7 Nxc7 52. Kc3 Nb5+ 53. Kxb3 1/2-1/2

[Event "HUN-chT 0001"]
[Site "Hungary"]
[Date "2001.01.14"]
[Round "4"]
[White "Tomcsanyi, Peter"]
[Black "Letay, Gyula"]
[Result "1-0"]
[WhiteElo "2272"]
[BlackElo "2208"]
[PlyCount "91"]
[EventDate "2000.11.26"]
[EventType "team"]
[EventRounds "11"]
[EventCountry "HUN"]
[SourceTitle "EXT 2009"]
[Source "ChessBase"]
[SourceDate "2008.11.26"]
[SourceVersion "1"]
[SourceVersionDate "2008.11.26"]
[SourceQuality "1"]
[WhiteTeam "Haladas"]
[BlackTeam "Vasas"]
[WhiteTeamCountry "HUN"]
[BlackTeamCountry "HUN"]

1. e4 c5 2. Nf3 d6 3. d4 cxd4 4. Nxd4 Nf6 5. Nc3 a6 6. Be3 e5 7. Nb3 Be6 8. Qd2 Be7 9. f3 d5 10. exd5 Nxd5 11. Nxd5 Qxd5 12. Qxd5 Bxd5 13. 0-0-0 Bxb3 14. axb3 Nd7 15. Bc4 Nf6 16. Bb6 Rc8 17. Rhe1 Rc6 18. Ba5 b5 19. Rxe5 0-0 20. Rxe7 bxc4 21. bxc4 Rxc4 22. Rd6 Rfc8 23. c3 R4c6 24. Rxc6 Rxc6 25. Rc7 Re6 26. Rc8+ Ne8 27. Kd2 h6 28. c4 Kh7 29. c5 Nf6 30. Kd3 Nd5 31. Rd8 Nf4+ 32. Kc4 Nxg2 33. Rd6 Ne3+ 34. Kd3 Nf5 35. Rxe6 fxe6 36. c6 Ne7 37. c7 Kg8 38. Kc4 Kf7 39. Kc5 Nc8 40. Kc6 Ke8 41. Kb7 Kd7 42. Kxa6 Nd6 43. b4 e5 44. b5 e4 45. fxe4 Nxe4 46. Kb7 1-0

[Event "HUN-chT 9900"]
[Site "Hungary"]
[Date "2000.02.27"]
[Round "8"]
[White "Tomcsanyi, Peter"]
[Black "Szalanczy, Emil"]
[Result "1-0"]
[WhiteElo "2281"]
[BlackElo "2372"]
[PlyCount "84"]
[EventDate "1999.09.26"]
[EventType "team"]
[EventRounds "11"]
[EventCountry "HUN"]
[SourceTitle "EXT 2009"]
[Source "ChessBase"]
[SourceDate "2008.11.26"]
[SourceVersion "1"]
[SourceVersionDate "2008.11.26"]
[SourceQuality "1"]
[WhiteTeam "Haladas"]
[BlackTeam "Honved"]
[WhiteTeamCountry "HUN"]
[BlackTeamCountry "HUN"]

1. e4 c5 2. Nf3 d6 3. d4 cxd4 4. Nxd4 Nf6 5. Nc3 g6 6. Be3 Bg7 7. f3 Nc6 8. Qd2 0-0 9. 0-0-0 Be6 10. Nxe6 fxe6 11. Bc4 Qc8 12. Kb1 Na5 13. Bb3 Nxb3 14. axb3 Qc6 15. Bh6 b5 16. h4 a5 17. Bxg7 Kxg7 18. h5 b4 19. Na4 gxh5 20. e5 dxe5 21. Qg5+ Kf7 22. Qxe5 Rac8 23. Rd2 Rfd8 24. Re2 Rd5 25. Qe3 Rcd8 26. Rhe1 R8d6 27. Ka2 Rf5 28. Qh6 Qd5 29. g4 Rg5 30. c4 bxc3 31. Nxc3 Qc5 32. Ne4 Nxe4 33. Rxe4 Rgd5 34. Rf4+ Ke8 35. Qf8+ Kd7 36. Rc4 a4 37. Rxc5 axb3+ 38. Kxb3 Rxc5 39. Re3 h4 40. Qh6 Rb6+ 41. Ka2 Rcb5 42. Rd3+ Ke8 1-0

[Event "HUN-chT 9900"]
[Site "Hungary"]
[Date "1999.09.26"]
[Round "1"]
[White "Tomcsanyi, Peter"]
[Black "Seres, Lajos"]
[Result "1/2-1/2"]
[WhiteElo "2281"]
[BlackElo "2395"]
[PlyCount "27"]
[EventDate "1999.09.26"]
[EventType "team"]
[EventRounds "11"]
[EventCountry "HUN"]
[SourceTitle "EXT 2009"]
[Source "ChessBase"]
[SourceDate "2008.11.26"]
[SourceVersion "1"]
[SourceVersionDate "2008.11.26"]
[SourceQuality "1"]
[WhiteTeam "Haladas"]
[BlackTeam "Postas"]
[WhiteTeamCountry "HUN"]
[BlackTeamCountry "HUN"]

1. e4 c5 2. Nf3 Nc6 3. d4 cxd4 4. Nxd4 Nf6 5. Nc3 d6 6. Bc4 e6 7. Be3 Be7 8. Qe2 0-0 9. 0-0-0 Qc7 10. Bb3 Bd7 11. Rhg1 Nxd4 12. Rxd4 Bc6 13. g4 Nd7 14. g5 1/2-1/2

[Event "HUN-chT 9899"]
[Site "Hungary"]
[Date "1999.??.??"]
[Round "?"]
[White "Tomcsanyi, Peter"]
[Black "Sax, Gyula"]
[Result "0-1"]
[WhiteElo "2300"]
[BlackElo "2525"]
[PlyCount "44"]
[EventDate "1998.??.??"]
[EventType "team"]
[EventRounds "12"]
[EventCountry "HUN"]
[SourceTitle "EXT 2000"]
[Source "ChessBase"]
[SourceDate "1999.11.16"]
[SourceVersion "1"]
[SourceVersionDate "1999.11.16"]
[SourceQuality "1"]

1. e4 c5 2. Nf3 e6 3. b3 b6 4. Bb2 Bb7 5. d3 Nc6 6. g3 Nf6 7. Bg2 Be7 8. e5 Ng4 9. 0-0 f6 10. Nbd2 0-0 11. exf6 Bxf6 12. Bxf6 Nxf6 13. Nc4 Qc7 14. d4 d5 15. Ne3 Ne4 16. dxc5 bxc5 17. Nd2 Nc3 18. Qg4 Rae8 19. f4 Nd4 20. Nf3 Ba6 21. Rfe1 Be2 22. Rxe2 Ncxe2+ 0-1

[Event "HUN-chT 9798"]
[Site "Hungary"]
[Date "1997.??.??"]
[Round "?"]
[White "Szilagyi, Peter"]
[Black "Tomcsanyi, Peter"]
[Result "1-0"]
[WhiteElo "2400"]
[BlackElo "2265"]
[PlyCount "67"]
[EventDate "1997.??.??"]
[EventType "team"]
[EventRounds "12"]
[EventCountry "HUN"]
[SourceTitle "EXT 2000"]
[Source "ChessBase"]
[SourceDate "1999.11.16"]
[SourceVersion "1"]
[SourceVersionDate "1999.11.16"]
[SourceQuality "1"]

1. Nf3 d5 2. g3 Nf6 3. Bg2 c6 4. 0-0 Bf5 5. d3 e6 6. c4 Nbd7 7. Be3 Be7 8. Qb3 Qc8 9. Nc3 Nc5 10. Bxc5 Bxc5 11. Rac1 dxc4 12. Qxc4 Be7 13. Nd4 0-0 14. Nxf5 exf5 15. Bh3 Qe6 16. Qf4 g6 17. e4 Nh5 18. Qc7 Bg5 19. Rcd1 Qc8 20. Qa5 Qd8 21. Qa4 f4 22. e5 Qb6 23. d4 Qxb2 24. Ne4 Be7 25. Rb1 b5 26. Rxb2 bxa4 27. Rb7 Ba3 28. Bd7 Rfd8 29. Re1 a5 30. g4 Ng7 31. Bxc6 Ne6 32. d5 Nc5 33. Nxc5 Bxc5 34. Rb5 1-0

[Event "Papp Bela Memorial"]
[Site "Budapest"]
[Date "1997.??.??"]
[Round "?"]
[White "Tomcsanyi, Peter"]
[Black "Csoke, Adrienn"]
[Result "1-0"]
[WhiteElo "2265"]
[BlackElo "2135"]
[PlyCount "47"]
[EventDate "1997.??.??"]
[EventType "swiss"]
[EventRounds "11"]
[EventCountry "HUN"]
[SourceTitle "EXT 2002"]
[Source "ChessBase"]
[SourceDate "2001.11.25"]
[SourceVersion "1"]
[SourceVersionDate "2001.11.25"]
[SourceQuality "1"]

1. e4 c5 2. Nf3 Nc6 3. d4 cxd4 4. Nxd4 g6 5. Nc3 Bg7 6. Be3 Nf6 7. Nxc6 bxc6 8. e5 Ng8 9. f4 h5 10. Qd2 Nh6 11. 0-0-0 Nf5 12. Bf2 a5 13. g3 a4 14. Bg2 Qa5 15. a3 Rb8 16. h3 g5 17. Be4 e6 18. Bxf5 exf5 19. Qd6 Rb7 20. Qd4 d6 21. Qxd6 Rh6 22. Qc5 Qa6 23. Rd4 Bf8 24. Rd8+ 1-0

[Event "Koszeg IM"]
[Site "Koszeg"]
[Date "1996.??.??"]
[Round "7"]
[White "Dobos, Jozsef"]
[Black "Tomcsanyi, Peter"]
[Result "1/2-1/2"]
[WhiteElo "2340"]
[BlackElo "2235"]
[PlyCount "43"]
[EventDate "1996.10.??"]
[EventType "tourn"]
[EventRounds "11"]
[EventCountry "HUN"]
[EventCategory "1"]
[SourceTitle "EXT 2004"]
[Source "ChessBase"]
[SourceDate "2003.11.25"]
[SourceVersion "1"]
[SourceVersionDate "2003.11.25"]
[SourceQuality "1"]

1. e4 c5 2. Nf3 Nc6 3. Nc3 Nf6 4. Bb5 d6 5. e5 dxe5 6. Nxe5 Qc7 7. Nxc6 bxc6 8. Qf3 Bd7 9. 0-0 e6 10. Bc4 Bd6 11. h3 Nd5 12. Ne4 Be7 13. d3 f5 14. Ng5 0-0 15. Re1 Qd6 16. Qe2 Bxg5 17. Bxg5 f4 18. f3 Rf5 19. Bh4 Rh5 20. Bf2 e5 21. Qd2 Rf8 22. Kf1 1/2-1/2

[Event "Oberwart op"]
[Site "Oberwart"]
[Date "1996.??.??"]
[Round "6"]
[White "Gasiunas, Natalia"]
[Black "Tomcsanyi, Peter"]
[Result "1/2-1/2"]
[WhiteElo "2205"]
[BlackElo "2235"]
[PlyCount "100"]
[EventDate "1996.07.??"]
[EventType "swiss"]
[EventRounds "9"]
[EventCountry "AUT"]
[SourceTitle "CBM 053 Extra"]
[Source "ChessBase"]
[SourceDate "1996.09.01"]
[SourceVersion "1"]
[SourceVersionDate "1996.09.01"]
[SourceQuality "1"]

1. Nf3 d5 2. g3 Nf6 3. Bg2 c6 4. d3 Bg4 5. Nbd2 Nbd7 6. h3 Bh5 7. c4 e5 8. g4 Bg6 9. Nh4 dxc4 10. Nxg6 hxg6 11. Nxc4 Nd5 12. d4 exd4 13. Qxd4 Bc5 14. Qe4+ Kf8 15. g5 Qc7 16. 0-0 Re8 17. Qg4 b5 18. e4 bxc4 19. exd5 cxd5 20. Bxd5 Ne5 21. Bf4 Bd6 22. Bxe5 Rxe5 23. Bg2 Rf5 24. Rae1 Bf4 25. Re4 Rh5 26. Qe2 Kg8 27. Rxc4 Rc5 28. Qe8+ Kh7 29. Rxc5 Qxc5 30. Qxf7 Qxg5 31. Qe6 Rh4 32. Re1 Bc7 33. Kf1 Rf4 34. Bd5 Rf8 35. f3 Rd8 36. Bc4 Rf8 37. Qg4 Qxg4 38. hxg4 Rxf3+ 39. Ke2 Rh3 40. b4 Kh6 41. Rf1 Rc3 42. Bb3 Rg3 43. Be6 Kg5 44. Rf3 Rxf3 45. Kxf3 Kf6 46. Bc4 Ke5 47. Ke3 Bd6 48. b5 Ba3 49. Kd3 Kd6 50. Kc3 Kc5 1/2-1/2

[Event "Koszeg IM"]
[Site "Koszeg"]
[Date "1996.??.??"]
[Round "3"]
[White "Steinwender, Walter"]
[Black "Tomcsanyi, Peter"]
[Result "1/2-1/2"]
[WhiteElo "2125"]
[BlackElo "2235"]
[PlyCount "20"]
[EventDate "1996.10.??"]
[EventType "tourn"]
[EventRounds "11"]
[EventCountry "HUN"]
[EventCategory "1"]
[SourceTitle "EXT 2004"]
[Source "ChessBase"]
[SourceDate "2003.11.25"]
[SourceVersion "1"]
[SourceVersionDate "2003.11.25"]
[SourceQuality "1"]

1. e4 Nc6 2. d4 e5 3. dxe5 Nxe5 4. Nf3 d6 5. Nxe5 dxe5 6. Qxd8+ Kxd8 7. Bc4 f6 8. 0-0 c6 9. a4 Kc7 10. Be3 Bd6 1/2-1/2

[Event "Oberwart op"]
[Site "Oberwart"]
[Date "1996.??.??"]
[Round "7"]
[White "Tomcsanyi, Peter"]
[Black "Holzer, Gerhard"]
[Result "1/2-1/2"]
[WhiteElo "2235"]
[BlackElo "2230"]
[PlyCount "111"]
[EventDate "1996.07.??"]
[EventType "swiss"]
[EventRounds "9"]
[EventCountry "AUT"]
[SourceTitle "CBM 053 Extra"]
[Source "ChessBase"]
[SourceDate "1996.09.01"]
[SourceVersion "1"]
[SourceVersionDate "1996.09.01"]
[SourceQuality "1"]

1. e4 d6 2. d4 g6 3. Nf3 Bg7 4. c3 Nf6 5. Bd3 0-0 6. 0-0 c5 7. Re1 cxd4 8. cxd4 Nc6 9. d5 Nb8 10. Nc3 Nbd7 11. Be3 Ng4 12. Bd4 Nde5 13. Nxe5 Bxe5 14. Bxe5 Nxe5 15. Bc2 Bd7 16. Bb3 Qb6 17. Qd2 Rac8 18. Rac1 Rc7 19. Re3 Rfc8 20. h3 Bb5 21. Kh1 Qa6 22. Kh2 Bc4 23. f4 Nd7 24. Bd1 Nc5 25. Bg4 Rf8 26. b3 Bxb3 27. axb3 Nxb3 28. Qb2 Nxc1 29. Qxc1 b5 30. Qb2 Qb6 31. Rg3 Qd4 32. Qb3 Rb8 33. f5 b4 34. Ne2 Qe5 35. h4 a5 36. Kh3 Kg7 37. fxg6 hxg6 38. Rf3 Qa1 39. Qe3 Rh8 40. Ng3 Qe5 41. Qf2 f6 42. Qb6 Rc5 43. Qa7 Rb5 44. Be6 Rxh4+ 45. Kxh4 Qg5+ 46. Kh3 Qh6+ 47. Nh5+ Qxh5+ 48. Kg3 Qg5+ 49. Kh2 Qh6+ 50. Bh3 Kf8 51. e5 Qg5 52. Qa8+ Kg7 53. Qe8 Rb7 54. e6 b3 55. Qf7+ Kh8 56. Qf8+ 1/2-1/2

[Event "Oberwart op"]
[Site "Oberwart"]
[Date "1996.??.??"]
[Round "9"]
[White "Tomcsanyi, Peter"]
[Black "Wittmann, Walter"]
[Result "0-1"]
[WhiteElo "2235"]
[BlackElo "2370"]
[PlyCount "108"]
[EventDate "1996.07.??"]
[EventType "swiss"]
[EventRounds "9"]
[EventCountry "AUT"]
[SourceTitle "CBM 053 Extra"]
[Source "ChessBase"]
[SourceDate "1996.09.01"]
[SourceVersion "1"]
[SourceVersionDate "1996.09.01"]
[SourceQuality "1"]

1. e4 c5 2. Nf3 d6 3. d4 cxd4 4. Nxd4 Nf6 5. Nc3 Nc6 6. Bc4 Bd7 7. Bb3 g6 8. Be3 Ng4 9. Nxc6 bxc6 10. Qf3 Nf6 11. h3 Bg7 12. g4 0-0 13. 0-0-0 Qa5 14. Kb1 Rab8 15. Rhe1 Be6 16. Bd2 Nd7 17. Qe2 Qc7 18. f4 Nc5 19. Qf2 a5 20. e5 Nxb3 21. cxb3 dxe5 22. f5 Bd5 23. Rc1 Qd8 24. Be3 Rb7 25. Bc5 Re8 26. Rf1 Kh8 27. h4 gxf5 28. Qxf5 Be6 29. Qf3 Rd7 30. Rcd1 Rxd1+ 31. Rxd1 Qc8 32. Rg1 Qd7 33. h5 Bd5 34. Qf2 Qe6 35. g5 h6 36. Be3 Rg8 37. gxh6 Bf6 38. Rxg8+ Kxg8 39. Bb6 e4 40. Bd4 Bg5 41. Qg3 f6 42. Be3 Qf5 43. Ne2 Kh7 44. Kc2 Kxh6 45. Nd4 Qf1 46. Bxg5+ fxg5 47. Qe5 Qd3+ 48. Kc1 Kxh5 49. Nf5 Qf1+ 50. Kd2 Qf4+ 51. Qxf4 gxf4 52. Nxe7 Kg4 53. Ng6 Kg3 54. Ne7 Kf2 0-1

[Event "Oberwart op"]
[Site "Oberwart"]
[Date "1995.??.??"]
[Round "7"]
[White "Farago, Ivan"]
[Black "Tomcsanyi, Peter"]
[Result "1-0"]
[WhiteElo "2515"]
[BlackElo "2260"]
[PlyCount "83"]
[EventDate "1995.07.??"]
[EventType "swiss"]
[EventRounds "9"]
[EventCountry "AUT"]
[SourceTitle "EXT 2001"]
[Source "ChessBase"]
[SourceDate "2000.11.22"]
[SourceVersion "1"]
[SourceVersionDate "2000.11.22"]
[SourceQuality "1"]

1. d4 d5 2. c4 c6 3. Nc3 Nf6 4. Nf3 dxc4 5. a4 Bf5 6. e3 e6 7. Bxc4 Bb4 8. 0-0 0-0 9. Nh4 Bg4 10. f3 Bh5 11. g4 Bg6 12. e4 Nbd7 13. Nxg6 hxg6 14. g5 Nh5 15. f4 c5 16. Na2 Ba5 17. dxc5 Qc7 18. Qe2 Qxc5+ 19. Kh1 Rfc8 20. Bb5 Qe7 21. b4 Bc7 22. a5 Nb8 23. Be3 Bd6 24. Rab1 a6 25. Ba4 Nc6 26. e5 Nxe5 27. fxe5 Bxe5 28. Bb3 Kh7 29. Qf3 f5 30. gxf6 gxf6 31. Rbe1 Kg7 32. Bc5 Qc7 33. Bxe6 Rh8 34. Rf2 Rae8 35. Bb6 Qd7 36. Bg4 Bd4 37. Rxe8 Rxe8 38. Bxd4 Qxd4 39. Bxh5 Re1+ 40. Rf1 Qa1 41. Rxe1 Qxe1+ 42. Kg2 1-0